Länder, die dem Kosovo am nächsten liegen - Statistiken

Allgemein
  • Dieses Quiz wurde 229 mal gespielt
  • Das Durchschnittsergebnis liegt bei 17 aus 20
Antwortstatistiken
km Land % Korrekt
0 Albanien
99%
0 Serbien
99%
114 Griechenland
98%
0 Nordmazedonien
98%
128 Kroatien
97%
0 Montenegro
97%
96 Bosnien und Herzegowina
94%
54 Bulgarien
94%
478 Slowenien
94%
318 Ungarn
93%
253 Italien
92%
156 Rumänien
92%
389 Türkei
92%
525 Österreich
89%
527 Slowakei
86%
601 Moldawien
79%
547 Ukraine
78%
658 Polen
60%
622 San Marino
56%
628 Vatikanstadt
56%
Keine übereinstimmenden Quizze gefunden
Verteilung der Resultate
Anzahl Personen mit jedem Resultat
Perzentil nach korrekt beantworteten Fragen
Ihre Resultats-Entwicklung
Sie haben dieses Quiz noch nicht gespielt